La Trampa de la gobernanza: nuevas formas de participación política /
El documento se enfoca en la diferencia existente entre gobernabilidad y gobernanza, y de cómo esta última afecta a la primera. Acoge también el papel que juegan ambos conceptos como discurso en la democracia y en la sociedad civil, a partir de la concepción del poder político. El autor concluye exp...
Gorde:
| Egile nagusia: | |
|---|---|
| Formatua: | Texto |
| Gaiak: | |
| Etiketak: |
Etiketa erantsi
Etiketarik gabe, Izan zaitez lehena erregistro honi etiketa jartzen!
|
MARC
| LEADER | 00000 a a2200000 04500 | ||
|---|---|---|---|
| 001 | 16307 | ||
| 003 | |||
| 040 | |||
| 100 | |a Monedero, Juan Carlos | ||
| 245 | |a La Trampa de la gobernanza: |b nuevas formas de participación política / |c Juan Carlos Monedero | ||
| 520 | |a El documento se enfoca en la diferencia existente entre gobernabilidad y gobernanza, y de cómo esta última afecta a la primera. Acoge también el papel que juegan ambos conceptos como discurso en la democracia y en la sociedad civil, a partir de la concepción del poder político. El autor concluye exponiendo argumentos sobre nuevas formas de participación política, sus objeciones y su labor en la cultura política | ||
| 650 | |a PARTICIPACION POLITICA | ||
| 650 | |a PODER POLITICO | ||
| 650 | |a CULTURA POLITICA | ||
| 650 | |a GOBERNABILIDAD | ||
| 650 | |a SOCIEDAD CIVIL | ||
| 650 | |a PARTICIPACION SOCIAL | ||
| 773 | |g número 48; páginas 57-69 | ||
| 999 | |c 28235 |d 28235 | ||
